[Event "Athens Smaok op 1th"]
[Site "Athens"]
[Date "2006.11.10"]
[Round "1"]
[White "Andronis, Vasilios"]
[Black "Foufopoulos, Anastasios"]
[Result "1-0"]
[WhiteElo "2076"]
[BlackElo "1560"]
[PlyCount "133"]
[EventDate "2006.11.10"]
[EventType "swiss"]
[EventRounds "6"]
[EventCountry "GRE"]
[SourceTitle "EXT 2024"]
[Source "ChessBase"]
[SourceDate "2023.10.10"]
[SourceVersion "1"]
[SourceVersionDate "2023.10.10"]
[SourceQuality "1"]

1. c4 f5 2. e4 d6 3. Nc3 Nf6 4. g3 e5 5. Bg2 c6 6. Nge2 Be7 7. 0-0 0-0 8. d4 Nxe4 9. Nxe4 fxe4 10. Bxe4 Bf5 11. Qc2 Bxe4 12. Qxe4 exd4 13. Nxd4 d5 14. cxd5 cxd5 15. Qe6+ Kh8 16. Be3 Rf6 17. Qe5 Nc6 18. Nxc6 bxc6 19. Bg5 Rf7 20. Qe6 Kg8 21. Bxe7 Qxe7 22. Qxc6 Rd8 23. Rfe1 Qf8 24. Rad1 Rxf2 25. Rxd5 Rxd5 26. Qxd5+ Kh8 27. Qd7 Qc5 28. Qe7 Qb6 29. Qe3 Rf8 30. Qxb6 axb6 31. Re6 Rb8 32. Kf2 Kg8 33. Ke3 Kf7 34. Rc6 Ke7 35. b4 Ra8 36. Rxb6 Rxa2 37. Rb7+ Kf6 38. h4 Ra1 39. b5 Ra3+ 40. Kf4 Ra4+ 41. Kf3 Ra3+ 42. Kg2 h5 43. b6 Rb3 44. Rb8 Kf5 45. Kh3 Kg6 46. Kg2 Kf5 47. Kf2 Rb2+ 48. Ke3 Kg4 49. Rg8 Kxg3 50. Rxg7+ Kxh4 51. b7 Kh3 52. Kf4 h4 53. Kf3 Rb3+ 54. Kf2 Rb2+ 55. Ke3 Kh2 56. Kf3 Rb3+ 57. Kg4 h3 58. Rc7 Rb4+ 59. Kf3 Rb3+ 60. Kf2 Kh1 61. Rc3 Rb2+ 62. Kg3 Rg2+ 63. Kxh3 Rh2+ 64. Kg3 Rg2+ 65. Kf3 Rb2 66. Rc1+ Kh2 67. Rc2+ 1-0